000 00641pam a2200229 a 4500
001 934813
005 20180822074637.0
008 831205s1984 nyua b 001 0 eng
010 _a 83024635
020 _a0890048940
040 _aDLC
_cDLC
_dDLC
041 _aeng
060 _aWL 355 S92107
080 _a616.81
082 0 0 _a616.81
_219
100 _a7
101 _aDER
245 0 0 _aStroke and the extracranial vessels /
_ceditor, Robert R. Smith, associate editors, Steven C. Boone ... [et al.].
504 _aIncludes bibliographies and index.
906 _a7
_bcbc
_corignew
_d1
_eocip
_f19
_gy-gencatlg
942 _2ddc
_cBK
999 _c47258
_d47258